Queja ante la honorable Cámara de Diputados del pueblo español / (Record no. 73964)

MARC details
000 -LEADER
campo de control de longitud fija 00563nam a2200169 i 4500
001 - NÚMERO DE CONTROL
campo de control 73964
003 - IDENTIFICADOR DE NÚMERO DE CONTROL
campo de control ES-MaACL
005 - FECHA Y HORA DE LA ÚLTIMA TRANSACCIÓN
campo de control 20230906171955.0
007 - CAMPO FIJO DE DESCRIPCIÓN FÍSICA--INFORMACIÓN GENERAL
campo de control de longitud fija t|
008 - DATOS DE LONGITUD FIJA--INFORMACIÓN GENERAL
campo de control de longitud fija 040914s1908 bl ||||1| spa d
100 1# - ENTRADA PRINCIPAL--NOMBRE DE PERSONA
Nombre de persona González, Francisco.
9 (RLIN) 58313
245 10 - MENCIÓN DEL TÍTULO
Título Queja ante la honorable Cámara de Diputados del pueblo español /
Mención de responsabilidad, etc. Francisco González.
260 ## - PUBLICACIÓN, DISTRIBUCIÓN, ETC.
Lugar de publicación, distribución, etc. Rio de Janeiro :
Nombre del editor, distribuidor, etc. [s.n.],
Fecha de publicación, distribución, etc. 1908 (
Fabricante Typ. Lith. Malafaia Junior)
300 ## - DESCRIPCIÓN FÍSICA
Extensión 20 p. ;
Dimensiones 30 cm.
594 ## - Nota al título y mención de responsabilidad
Nota al título y mención de responsabilidad Autor tomado del texto.
852 ## - LOCALIZACIÓN
Ubicación ES-MaACL
Número de control de estantería T-1479-F-6
Nota libre .- Ded. manuscrita del autor
Holdings
Estatus retirado Estado de pérdida Estado de daño No para préstamo Colección Biblioteca de origen Biblioteca actual Ubicación en estantería Fecha de adquisición Fuente de adquisición Total de préstamos Signatura topográfica completa Código de barras Visto por última vez Precio de reemplazo Tipo de ítem Koha
        Colección de folletos Biblioteca del Ateneo de Madrid Biblioteca del Ateneo de Madrid Depósito 17/01/2008     T-1479-F-6 1077421 23/02/2023 23/02/2023 Folleto